zpět

Detail výsledku týmu

Stavba, Brno

Datum a čas kvízu

35 Celkem bodů Celkový počet nahraných bodů na tomto kvízu bez doplňovacích otázek.
4. Pořadí na kvízu Konečné umístění týmu na tomto kvízu.

Zaznamenané odpovědi

# Otázka Odpověď Body Výsledky
1. Které všeobecně známé tradiční... pochodu Praha - Prčice 1
2. Slovensko má první úřednickou... Ľudovít Ódor 1
3. Jedna česká celebrita minulý... Helena Vondráčková 1
4. Staropramen minulý týden předs... Orlando Bloom 1
5. Fotbalová Liga mistrů zná od s... Inter Milán, Manchester City 0
6. Ve třetím díle našeho cyklu si... Connor 1
7. Kriminální drama s prvky černé... 1D 2C 3B 4A 0
8. Děj filmu Kmotr 2 na třinácté... Robert de Niro 1
9. Dalším v pořadí je první díl J... 9 členů 1
10. Patnáctku nejlepších filmů uza... Nový Zéland 1